00346nam a2200133Ia 4500003000400000008004100004040001600045082001600061100002500077245003400102260004500136300000800181650002300189GCL140319s9999 xx 000 0 eng d aGCL / cGCL04a862.08bG M1 aGALDOS, BENITO PEREZ10aMIAU / cGALDOS, BENITO PEREZ a[S.N] : bEL LIBRO DE BOLSILLO ، c1987 a28604aSPANISH LITERATURE